The Trend of Paving in the Leading American Cities: A Survey of Street Paving in the Principal American Cities A Survey of Street Paving in the Principal American Cities
Descripción Física:
16 p. : il., taules ; 23 cm
Otros Autores:
The Asphalt Institute
Materias:
Paviments d'asfalt – Estats Units
MARC
| LEADER | 00000nam a2200000Ia 4500 | ||
|---|---|---|---|
| 001 | 24421 | ||
| 008 | 160829s9999 xx 000 0 cat d | ||
| 080 | |a FU-67-7 | ||
| 245 | 4 | |a The Trend of Paving in the Leading American Cities: |b A Survey of Street Paving in the Principal American Cities | |
| 260 | |a New York : |b The Asphalt Institute, [1930] | ||
| 300 | |a 16 p. : |b il., taules ; |c 23 cm | ||
| 590 | |a Text en castellà | ||
| 650 | |a Paviments d'asfalt – Estats Units |9 50470 | ||
| 700 | |a The Asphalt Institute |9 49426 | ||
| 901 | |a Arxiu | ||
| 942 | |n 1 | ||
| 952 | |0 0 |1 0 |4 0 |6 FU677 |7 1 |9 56050 |a Arxiu |b Arxiu |d 2016-12-01 |l 0 |o FU-67-7 |p 24421 |r 2016-12-01 00:00:00 |w 2016-12-01 |y ARXIU | ||
| 999 | |c 59924 |d 59924 | ||